[Event "Tolima Departament-ch U14"]
[Site "Tolima"]
[Date "2020.01.09"]
[Round "4"]
[White "Patino Escandon, Kevin Santiago"]
[Black "Medina Baquiro, Paula Andrea"]
[Result "0-1"]
[WhiteElo "1302"]
[BlackElo "1261"]
[PlyCount "64"]
[EventDate "2020.01.07"]
[EventType "swiss"]
[EventRounds "5"]
[EventCountry "COL"]
[SourceTitle "CBM 195 Extra"]
[Source "ChessBase"]
[SourceDate "2020.05.31"]
[SourceVersion "1"]
[SourceVersionDate "2020.05.31"]
[SourceQuality "1"]

1. e4 e5 2. Nf3 Nc6 3. Nc3 Bc5 4. Bb5 a6 5. Bxc6 dxc6 6. Nxe5 Qd4 7. 0-0 Qxe5 8. d3 Ne7 9. Qf3 Bd6 10. Bf4 Qxf4 11. Qxf4 Bxf4 12. h3 0-0 13. Ne2 Bg5 14. Ng3 f5 15. Rae1 fxe4 16. Rxe4 Nf5 17. Nxf5 Bxf5 18. Re3 Bxe3 19. fxe3 Be6 20. Re1 Rf6 21. e4 Raf8 22. e5 Rg6 23. d4 Bxh3 24. Kh2 Bxg2 25. Re2 Bf1 26. Rd2 Rf4 27. Kh1 Rh4+ 28. Rh2 Bg2+ 29. Kg1 Be4+ 30. Kf1 Rxh2 31. c3 Rgg2 32. Ke1 Rh1# 0-1

[Event "Tolima Departament-ch U14"]
[Site "Tolima"]
[Date "2020.01.08"]
[Round "2"]
[White "Patino Escandon, Kevin Santiago"]
[Black "Lopez Mahecha, Natalia"]
[Result "0-1"]
[WhiteElo "1302"]
[BlackElo "1361"]
[PlyCount "58"]
[EventDate "2020.01.07"]
[EventType "swiss"]
[EventRounds "5"]
[EventCountry "COL"]
[SourceTitle "CBM 195 Extra"]
[Source "ChessBase"]
[SourceDate "2020.05.31"]
[SourceVersion "1"]
[SourceVersionDate "2020.05.31"]
[SourceQuality "1"]

1. e4 e5 2. Nf3 Nc6 3. Nc3 Bc5 4. Bc4 Nf6 5. d3 h6 6. h3 0-0 7. Be3 Bxe3 8. fxe3 d6 9. 0-0 Re8 10. d4 Be6 11. Bb3 Bxb3 12. axb3 exd4 13. Nxd4 Nxd4 14. exd4 Nxe4 15. Nxe4 Rxe4 16. Qd2 c5 17. Rae1 Rxe1 18. Rxe1 cxd4 19. Qxd4 Qf6 20. Qe3 Qe6 21. Qf2 Qd7 22. Qd2 Re8 23. Qc3 Rxe1+ 24. Qxe1 Qf5 25. Qe8+ Kh7 26. Qe1 Qc5+ 27. Qf2 Qxf2+ 28. Kxf2 Kg6 29. g3 f5 0-1